Postavenie mediácie v interkultúrnej komunikácii
Mediácia ako možnosť riešenia konfliktov. Schopnosť učiť sa a prispôsobiť sa zmenám. Schopnosť správneho posúdenia a spolupráce. Schopnosť presvedčiť partnera. Komunikačná schopnosť. Mediačná metóda. Kultúrne rozdiely. Prispôsobenie mediačnej metódy kultúrnym a sociálnym špecifikám ako nevyhnutná po...
Uložené v:
| Hlavný autor: | |
|---|---|
| Médium: | Kapitola |
| Jazyk: | Slovak |
| Predmet: | |
| Tagy: |
Žiadne tagy, Buďte prvý, kto otaguje tento záznam!
|
MARC
| LEADER | 00000nla$a2200000$$$4500 | ||
|---|---|---|---|
| 001 | 0132418 | ||
| 005 | 20240502072510.0 | ||
| 041 | 0 | |a slo | |
| 044 | |a SK | ||
| 245 | 1 | 0 | |a Postavenie mediácie v interkultúrnej komunikácii |c Eva Janíčková |
| 520 | |a Mediácia ako možnosť riešenia konfliktov. Schopnosť učiť sa a prispôsobiť sa zmenám. Schopnosť správneho posúdenia a spolupráce. Schopnosť presvedčiť partnera. Komunikačná schopnosť. Mediačná metóda. Kultúrne rozdiely. Prispôsobenie mediačnej metódy kultúrnym a sociálnym špecifikám ako nevyhnutná požiadavka interkultúrnej komunikácie v súčasnej dobe internacionalizácie a globalizácie. | ||
| 610 | 2 | 0 | |a mediácia |
| 610 | 2 | 0 | |a konflikty |
| 610 | 2 | 0 | |a kultúra |
| 610 | 2 | 0 | |a komunikácia multikultúrna |
| 610 | 2 | 0 | |a kompetencie |
| 610 | 2 | 0 | |a internacionalizácia |
| 610 | 2 | 0 | |a globalizácia |
| 100 | 1 | |a Janíčková, Eva | |